00758pam a2200229 a 45000010005000000030008000050050017000130080039000300200017000690350018000860400032001040410008001360820027001441000028001712450063001992500012002622600059002743000035003335000055003685040049004236500056004724922BD-RjUL20211208233958.0131223s1989 caua b 001 0 eng a0534092888 : a(BD-RjUL)4957 aDLCcDLCdDLCdBD-RjULbeng aeng00a347.3055219bCOA 19891 aCole, George F.,d1935-14aThe American system of criminal justice /cGeorge F. Cole. a5th ed. aPacific Grove, Calif. :bBrooks/Cole Pub. Co.,cc1989. axxiv, 706 p. :bill. ;c24 cm. aIssues for 2007- cataloged as a serial in LC.5DLC aIncludes bibliographical rerences and index. 0aCriminal justice, Administration ofzUnited States.